Enid Blyton : a celebration & reappraisal
Αποθηκεύτηκε σε:
| Άλλοι συγγραφείς: | , |
|---|---|
| Μορφή: | Βιβλίο |
| Γλώσσα: | English |
| Δημοσίευση: |
London :
National Centre for Research in Children's Literature,
1996
|
| Θέματα: | |
| Ετικέτες: |
Προσθήκη ετικέτας
Δεν υπάρχουν, Καταχωρήστε ετικέτα πρώτοι!
|
MARC
| LEADER | 00000cam a2200000 i 4500 | ||
|---|---|---|---|
| 001 | 1/54616 | ||
| 008 | 040513s1997 eng d | ||
| 020 | |a 1-871954-81-9 | ||
| 035 | |l 10073292 | ||
| 040 | |a GR-MY-UA |b gre |e aacr | ||
| 041 | 0 | |a eng | |
| 082 | 0 | |a 809.89282 | |
| 245 | 1 | 0 | |a Enid Blyton : |b a celebration & reappraisal / |c edited by Nicholas Tucker with Kimberley Reynolds |
| 260 | |a London : |b National Centre for Research in Children's Literature, |c 1996 | ||
| 300 | |a 134 p. | ||
| 600 | 1 | 0 | |a Blyton Enid. |
| 650 | 0 | 0 | |a Children's literature |x History and criticism. |
| 700 | 1 | |a Tucker, Nicholas. |4 edt | |
| 700 | 1 | |a Reynolds, Kimberley. |4 edt | |
| 852 | |a INST |b RHODES |e 20040513 |h 809.89282 ENI |p 005400019127 |q 005400019127 |t BK |y 0 | ||
| 901 | |a BIBL4-2004-2 | ||
| 909 | |a Ρ |b 109390 | ||
| 970 | |a ΚΟΥΛΑΚΙΟΤΗ |b ΛΙΤΣΑ |z 2004/05/13 | ||